000 01133cad a22002295a 4500
001 E151574
008 101122s2010 xxkbdo f s 000 0 eng d
035 _a(Sirsi) u151574
041 0 _aeng
050 0 4 _a333.33 $2 18
110 2 _aStrutt & Parker
_92509
245 0 0 _aBusiness parks index 2010
_h[electronic resource]
260 _aLondon
_bStrutt & Parker
_c2010
520 _aThis index draws on the IPD index of UK investment properties (184 buildings in 51 different parks at the end of 2009), a set of buildings described as 'S&P Parks'. Compares S&P Parks with two wider benchmarks - the IPD All Parks index and the IPD Urban Offices index. The second of these indexes looks at a sample of typical town centre offices (excluding central London). Contains tables, charts and maps.
521 _aAdvanced
590 _aKA NTK
651 4 _aEngland and Wales
_y1543-
690 _aPROPERTY-COMMERCIAL PROPERTY
710 1 _aInvestment Property Databank
_92288
856 4 0 _uhttps://www.struttandparker.com/uploads/publications/bpi10.pdf
_zView the item free of charge online at www.struttandparker.com...
942 _n0
999 _c111456
_d111456